000 00738nam a22001937a 4500
005 20150514115939.0
010 _aENG-112623
020 _c550.00
_a9789382396109
035 _aEN-96155
037 _bDBAD/PUB
082 _a270
100 _aBalkrishan Shivram
245 0 0 _aKinship structures and foster relations in Islamic society :
_cby Balkrishan Shivram
_bmilk kinship allegiance in the Mughal world /
260 _aShimla
_bIndian Institute of Advanced Study
_c2014
270 _aRashtrapati Nivas
_bShimla
_e171005
300 _a xiii, 171 pages, 2 unnumbered leaves of plates :
_c22cm(Hb)
_bcol. ill.
500 _a Includes bibliographical references (pages 139-166) and index.
942 _2ddc
_cEN
_mBAL
_h270
999 _c92836
_d92836